Statistics for Nobody Compares - One Direction - All Lyrics

Click here to take the quiz!

General Stats

  • This quiz has been taken 16 times
  • The average score is 351 of 412

Answer Stats

Answer% Correct
a
92%
'Cause
92%
'cause
92%
‘Cause
92%
compares
92%
dress
92%
girl,
92%
good
92%
hear
92%
I
92%
in
92%
it
92%
No
92%
no
92%
Nobody
92%
so
92%
So,
92%
to
92%
we
92%
we're
92%
We're
92%
you
92%
your
92%
You're
92%
you're
92%
You’re
92%
And
85%
apart,
85%
apart?
85%
apart
85%
are
85%
Baby,
85%
be
85%
before
85%
But
85%
cry
85%
cry,
85%
did,
85%
Did
85%
do
85%
ever
85%
feel
85%
get
85%
goodbye
85%
how
85%
hurts
85%
it's
85%
kiss
85%
kiss,
85%
know
85%
like
85%
looks
85%
make
85%
makes
85%
me
85%
mine
85%
(Mine
85%
my
85%
Now,
85%
Now
85%
on
85%
one
85%
own
85%
pretty
85%
ready
85%
right
85%
say
85%
smile
85%
some
85%
something
85%
stupid?
85%
tearing
85%
tell
85%
tonight)
85%
tonight
85%
want
85%
Wasn’t
85%
when
85%
won't
85%
Yeah,
85%
all
77%
blew
77%
could
77%
even
77%
friends
77%
from
77%
gotta
77%
heart,
77%
heart
77%
if
77%
Just
77%
let's
77%
lipstick
77%
London,
77%
moving
77%
not
77%
of
77%
Paris
77%
really
77%
remember
77%
stop
77%
style,
77%
style
77%
taste
77%
that's
77%
the
77%
There’s
77%
There's
77%
through
77%
together
77%
true
77%
up
77%
wanted
77%
way
77%
what
77%
why
77%
work
77%
world
77%
worth
77%

Score Distribution

Percentile by Number Answered

Percent of People with Each Score

Your Score History

You have not taken this quiz